000 00839nam a2200289Ia 4500
003 OSt
005 20221005062548.0
006 a|||||r|||| 00| 0
007 ta
008 221004b |||||||| |||| 00| 0 eng d
020 _a1412908377 (pbk)
_c1493.75
024 _a89570
037 _b311, 22/02/2008, Bhartiya Sahitya Bhawan
_cTextual
040 _aCRL
_cCRL
_beng
041 _2eng
_aeng
082 _aT9(Y4), P6
100 _aNathan Robert
_9601953
245 0 _aCareer counselling
250 _a2nd
260 _aLondon
_bSage Pub. UK
_c2006
300 _aviii,183p.
_ccm.
490 _aCounselling in practice
650 _aEDUCATION
700 _a Hill Linda
_9601954
942 _hT9(Y4), P6
_cTEXL
_2cc
999 _c969866
_d969866